| 000 -ლიდერი |
| ფიქსირებული სიგრძის საკონტროლო ველი |
01008nam a2200205Ia 4500 |
| 001 - საკონტროლო ნომერი |
| საკონტროლო ველი |
508 |
| 003 - საკონტროლო ნომრის იდენტიფიკატორი |
| საკონტროლო ველი |
GE_BSU |
| 005 - ბოლო ოპერაციის თარიღი და დრო |
| საკონტროლო ველი |
20200206123953.0 |
| 008 - ფიქსირებული სიგრძის მონაცემთა ელემენტები - ზოგადი ინფორმაცია |
| ფიქსირებული სიგრძის საკონტროლო ველი |
181216s||||||||xx |||||||||||||| ||und|| |
| 040 ## - კატალოგიზაციის წყარო |
| Transcribing agency |
GE_BSU |
| 080 ## - უნივერსალური ათობითი კლასიფიკაციის ინდექსი |
| Universal Decimal Classification number |
611(075.8) |
| 100 ## - მთავარი ჩანაწერი - პიროვნების სახელი |
| Personal name |
ხეცურიანი, რამაზ |
| 9 (RLIN) |
629 |
| 245 ## - ცნობა სათაურის შესახებ |
| Title |
ადამიანის ნორმალური ანატომია : |
| Remainder of title |
ამედ. უმაღლესი სკოლის სტუდენტებისათვის / |
| Statement of responsibility, etc |
რამაზ ხეცურიანი; სამეც. რედ. მედ. მეცნ. დოქტორი, პროფ. ასმათ შუკაკიძე. |
| 264 ## - წარმოების, გამოცემის, დისტრიბუციის და სხვა ცნობები |
| გამოცემის, წარმოების, დისტრიბუციის... ადგილი |
თბილისი. |
| გამოცემის, წარმოების, დისტრიბუციის... თარიღი |
2006. |
| 300 ## - ფიზიკური აღწერა |
| Extent |
337 გვ. : |
| Other physical details |
სურ.; |
| Dimensions |
21 სმ. |
| 653 ## - INDEX TERM--UNCONTROLLED |
| Uncontrolled term |
ადამიანის ანატომია |
| 653 ## - INDEX TERM--UNCONTROLLED |
| Uncontrolled term |
მედიცინა |
| 700 ## - ADDED ENTRY--PERSONAL NAME |
| Personal name |
შუკაკიძე, ასმათ |
| Relator term |
რედაქტოირი |
| 9 (RLIN) |
6834 |
| 942 ## - ADDED ENTRY ELEMENTS (KOHA) |
| Koha item type |
წიგნი |
| Source of classification or shelving scheme |
|